<?xml version="1.0" encoding="UTF-8"?><?xml-stylesheet type="text/xsl" href="static/style.xsl"?><OAI-PMH xmlns="http://www.openarchives.org/OAI/2.0/" xmlns:xsi="http://www.w3.org/2001/XMLSchema-instance" xsi:schemaLocation="http://www.openarchives.org/OAI/2.0/ http://www.openarchives.org/OAI/2.0/OAI-PMH.xsd"><responseDate>2026-04-13T07:11:21Z</responseDate><request verb="GetRecord" identifier="oai:www.recercat.cat:10459.1/49380" metadataPrefix="marc">https://recercat.cat/oai/request</request><GetRecord><record><header><identifier>oai:recercat.cat:10459.1/49380</identifier><datestamp>2024-12-05T22:42:39Z</datestamp><setSpec>com_2072_3622</setSpec><setSpec>col_2072_479130</setSpec></header><metadata><record xmlns="http://www.loc.gov/MARC21/slim" xmlns:dcterms="http://purl.org/dc/terms/" xmlns:xsi="http://www.w3.org/2001/XMLSchema-instance" xmlns:doc="http://www.lyncode.com/xoai" xsi:schemaLocation="http://www.loc.gov/MARC21/slim http://www.loc.gov/standards/marcxml/schema/MARC21slim.xsd">
   <leader>00925njm 22002777a 4500</leader>
   <datafield ind2=" " ind1=" " tag="042">
      <subfield code="a">dc</subfield>
   </datafield>
   <datafield ind2=" " ind1=" " tag="720">
      <subfield code="a">Lordan Sanahuja, Joan</subfield>
      <subfield code="e">author</subfield>
   </datafield>
   <datafield ind2=" " ind1=" " tag="720">
      <subfield code="a">Pascual Roca, Miquel</subfield>
      <subfield code="e">author</subfield>
   </datafield>
   <datafield ind2=" " ind1=" " tag="720">
      <subfield code="a">Villar Mir, Josep Ma.</subfield>
      <subfield code="e">author</subfield>
   </datafield>
   <datafield ind2=" " ind1=" " tag="720">
      <subfield code="a">Fonseca Salcedo, Francisco</subfield>
      <subfield code="e">author</subfield>
   </datafield>
   <datafield ind2=" " ind1=" " tag="720">
      <subfield code="a">Papió, Josep</subfield>
      <subfield code="e">author</subfield>
   </datafield>
   <datafield ind2=" " ind1=" " tag="720">
      <subfield code="a">Montilla, Victor</subfield>
      <subfield code="e">author</subfield>
   </datafield>
   <datafield ind2=" " ind1=" " tag="720">
      <subfield code="a">Rufat i Lamarca, Josep</subfield>
      <subfield code="e">author</subfield>
   </datafield>
   <datafield ind2=" " ind1=" " tag="260">
      <subfield code="c">2016-01-22T14:57:24Z</subfield>
   </datafield>
   <datafield ind2=" " ind1=" " tag="260">
      <subfield code="c">2016-01-22T14:57:24Z</subfield>
   </datafield>
   <datafield ind2=" " ind1=" " tag="260">
      <subfield code="c">2015</subfield>
   </datafield>
   <datafield ind2=" " ind1=" " tag="520">
      <subfield code="a">Mulching techniques have emerged in recent years to overcome soil constraints and improve fruit tree productivity. The object&#xd;
of this study was to evaluate the effects of a low-cost organic mulch application in a newly planted peach orchard under a ridge&#xd;
planting system. Three treatments were performed in 12 elementary plots using a randomized complete block design. The orchard&#xd;
was drip-irrigated. Mulch was applied in two treatments, which differed in fertigation (none vs. multi-nutrient fertigation), while&#xd;
the third treatment did not include either mulch or fertigation and served as the control. Treatments were compared in terms of their&#xd;
effects on the physical properties of the soil, crop response, and water-use efficiency. Mulch treatments did not alter the soil bulk&#xd;
density. However, the mulch significantly (p=0.0004) increased the water infiltration rate (2.21 mm/h vs. 121 mm/h), which is a&#xd;
key issue when working in high frequency irrigation systems under soil limiting conditions. Similarly, mulched treatments showed&#xd;
a more favorable water status both in the second and the third year, which was translated in a better crop response. Thus, mulched&#xd;
treatments recorded higher yields both in the second (+155%, p=0.0005) and the third year (+53%, p=0.0007) of the experiment.&#xd;
Water use efficiency (WUEagr) was higher in the mulch treatments (+50% in average, p=0.0007) than in the control in the third year&#xd;
of the study. On the basis of our results, we propose that organic-mulching techniques should be considered as a beneficial practice&#xd;
to apply in fruit-trees production under limiting soil conditions.</subfield>
   </datafield>
   <datafield ind2=" " ind1=" " tag="520">
      <subfield code="a">Spain’s Ministry of Economy and Competitiveness (RTA2009-00056-00-00). JL, a graduate student, received an FI grant from the AGAUR, Government of Catalonia.</subfield>
   </datafield>
   <datafield ind1="8" ind2=" " tag="024">
      <subfield code="a">http://hdl.handle.net/10459.1/49380</subfield>
   </datafield>
   <datafield tag="653" ind2=" " ind1=" ">
      <subfield code="a">Prunus persica</subfield>
   </datafield>
   <datafield tag="653" ind2=" " ind1=" ">
      <subfield code="a">Compost</subfield>
   </datafield>
   <datafield tag="653" ind2=" " ind1=" ">
      <subfield code="a">Irrigation water use efficiency</subfield>
   </datafield>
   <datafield ind2="0" ind1="0" tag="245">
      <subfield code="a">Use of organic mulch to enhance water-use efficiency and peach production under limiting soil conditions in a three-year-old orchard</subfield>
   </datafield>
</record></metadata></record></GetRecord></OAI-PMH>